Statistics for Jane the Virgin Family Tree

Click here to take the quiz!

General Stats

  • This quiz has been taken 446 times
  • The average score is 19 of 30

Answer Stats

No.HintAnswer% Correct
26.Lawyer and partner of No. 7Jane Ramos
100%
1.Main CharacterJane Villanueva
100%
7.Above's wife/ex-wifePetra Solano
96%
4.No. 2's fatherMateo Villanueva
95%
5.No. 1's sonMateo Villanueva
95%
6.Above's fatherRafael Solano
95%
2.Above's motherXiomara Villanueva
95%
10No. 5's godfather and husband of No. 1Michael Cordero
90%
3.Above's motherAlba Villanueva
87%
12No.1's fatherRogelio de la Vega
86%
21.Above's twin sisterAnna
76%
19.Above's wife and No. 17's loverRose Solano
75%
17.No. 6's sisterLuisa Alver
71%
8.Above's motherMagda
66%
11.No. 5's godmotherLina Santillan
61%
20.No. 6 and 7's daughterEllie
57%
13.Above's daughterBaby de la Vega
56%
9.No. 7's twin sisterAnezka
52%
27.No. 9's lover and assistant of No. 6Scott
47%
23.No. 7's ex-lover and best friend of No. 6Roman Zazo
46%
24.Above's twin brotherAaron Zazo
40%
18.Above's fatherEmilio Solano
38%
14.Above's motherDarci Factor
37%
29.No. 10's new identityJason
36%
16.Above's twin sisterVictoria
33%
22.No. 7's ex-fianceLachlan Moore
31%
15.No. 12's ex-stepdaughterValeria
29%
30.Above's fianceCharlie
26%
28.No. 10's brotherBilly Cordero
24%
25.Teacher and partner of No. 1Jonathan Chavez
21%

Score Distribution

Percentile by Number Answered

Percent of People with Each Score

Your Score History

You have not taken this quiz